On this Day in History: previous events on 3rd October - Statistics

General Stats
  • This quiz has been taken 18 times
  • The average score is 5 of 10
Answer Stats
Hint Answer % Correct
No doubt at all this US singer was born on thkis day in 1969 Gwen Stefani
69%
Which middle eastern country gained independence from the UK 1932 Iraq
69%
Another rock n roller born 3 years later: Chubby Checker....his most famous song being..... (1941) The Twist
69%
The Kingdom of Serbs, Croats and Slovenes officially changes its name to ? (1920) Yugoslavia
69%
After successful test, which country becomes the world’s third nuclear power.(1952) United Kingdom
56%
18 US soldiers and some 1,000 Somalis are killed during The Battle of ??? (1993) Mogadishu
38%
Famous Rock n Roller born. C'Mon Everybody knows this one.... (1938) Eddie Cochran
25%
The first conference on wireless telegraphy in Berlin adopts which important signal (1916) SOS
25%
Key African-American minister, civil rights activist born. He unsuccessful candidate for the Democratic nomination for the US presidency in 2004 (1954) Al Sharpton
19%
4th Space shuttle makes its maiden flight, and its called... (1985) Atlantis
19%
No matching quizzes found
Score Distribution
Percent of People with Each Score
Percentile by Number Answered
Your Score History
You have not taken this quiz